Wird geladen...

Anglo Maratha campaigns and the contest for India

Bibliographische Detailangaben
1. Verfasser: Cooper G S
Format: Printed Book
Veröffentlicht: Delhi: Cambridge university press.
Schlagworte:
LEADER 00474nam a22001214a 4500
082 |a 954.79203 
100 |a Cooper G S , 
260 |a Delhi:  |b Cambridge university press. 
650 |a Anglo Maratha campaigns and the contest for India 
245 |a Anglo Maratha campaigns and the contest for India  |c by G S Cooper 
942 |c BK 
999 |c 249075  |d 249075 
952 |0 0  |1 0  |4 0  |6 954_792030000000000_COO  |7 0  |8 G  |9 264423  |a HIS  |b HIS  |d 2020-01-04  |l 0  |o 954.79203 COO  |p HIS10693  |r 2020-01-04  |t 1  |w 2020-01-04  |y BK